|
|
|
|
| LEADER |
00967cam a2200265 a 4500 |
| 001 |
3382164 |
| 005 |
20150711141414.0 |
| 008 |
880322s1988 nyu 000 1 eng |
| 010 |
|
|
|a 88009926
|
| 020 |
|
|
|a 0394572068
|
| 040 |
|
|
|a DLC
|c DLC
|d DLC
|
| 050 |
0 |
0 |
|a PR6068.E63
|b V4 1988
|
| 082 |
0 |
0 |
|a 823/.914
|2 19
|
| 100 |
1 |
|
|a Rendell, Ruth,
|d 1930-2015.
|9 13114
|
| 245 |
1 |
4 |
|a The veiled one /
|c Ruth Rendell.
|
| 260 |
|
|
|a New York :
|a London :
|b Pantheon Books,
|b Arrow,
|c c1999.
|
| 300 |
|
|
|a 277 p. ;
|c 18 cm.
|
| 541 |
|
|
|e 7693
|
| 650 |
|
0 |
|a Wexford, Inspector (Fictitious character)
|x Fiction.
|9 13115
|
| 650 |
|
0 |
|a Police
|z England
|z Sussex
|x Fiction.
|9 13116
|
| 651 |
|
0 |
|a Sussex (England)
|v Fiction.
|9 13117
|
| 655 |
|
7 |
|a Detective and mystery stories.
|2 gsafd
|9 6854
|
| 942 |
|
|
|2 ddc
|c BK
|
| 999 |
|
|
|c 35036
|d 35036
|
| 952 |
|
|
|0 0
|1 0
|2 ddc
|4 0
|6 823_914000000000000_REN
|7 0
|9 54917
|a SCL
|b SCL
|c GEN
|d 2015-07-11
|e Gift
|l 4
|m 7
|o 823.914 REN
|p 3020007693
|r 2017-09-27
|s 2017-09-19
|t 1
|w 2015-07-11
|y BK
|